Pakistan Economic and Social Review

Detalles Bibliográficos
Formato: Revista
Lenguaje:inglés
Publicado: Karachi : AsiaNet Pakistan (Pvt) Ltd., 2011-
Materias:
Acceso en línea:http://www.vlex.com/source/6879

MARC

LEADER 00000nas a22000007a 4500
005 20130118145358.0
007 cr|||| ||||
008 130118e2011 pk z||pss|||| 00| a eng d
035 |a 6879 
040 |a vLex 
090 |c 3555  |d 3555 
245 0 0 |a Pakistan Economic and Social Review  |h [Recurso electrn̤ico] 
256 |a Servicio en ln̕ea 
260 |a Karachi :   |b AsiaNet Pakistan (Pvt) Ltd.,  |c 2011- 
300 |a 1 Recurso electrn̤ico 
650 0 4 |a Economa̕  |z Pakistǹ 
740 |a vLex Revistas (Servicio en ln̕ea) 
856 |a Acceso restringido  |u http://www.vlex.com/source/6879 
942 |c REV 
999 0 |a Economics